Category Elimination - Football Players - Statistics

General Stats
  • This quiz has been taken 484 times
  • The average score is 13 of 16
Answer Stats
Group # Catégorie % Correct
Green 22 Player part of the provisional Real Madrid squad 2024/25
98%
Orange 45 Player that won the Ballon d'Or
97%
Orange 10 ... more than once
96%
Orange 7 ... has also been a Ballon d'Or runner-up
95%
Green 6 ... which doesn't represent a European national team
93%
Green 4 ... is older than 23 years old
90%
Blue 22 Player inducted in the Premier League Hall of Fame
90%
Blue 9 ... as a forward
88%
Purple 11 Player that played for Inter, Milan, and Juventus
86%
Blue 4 ... has scored a hat-trick in consecutive Premier League appearances
83%
Blue 1 ... and was Arsenal's top scorer 7 seasons in a row Henry
80%
Purple 7 ... is Italian
71%
Purple 3 ... and has won the Serie A Footballer of the Year award
66%
Green 1 ... and has played more than 50 club games last season Valverde
62%
Purple 1 ... three consecutive times Pirlo
60%
Orange 1 ... and is Spanish Di Stéfano
46%
No matching quizzes found
Score Distribution
Percent of People with Each Score
Percentile by Number Answered
Your Score History
You have not taken this quiz